000
00320pab a2200145 454500
008
180718b1987 xxu||||| |||| 00| 0 eng d
100
_a
Chirmade, S.R.
245
_a
Dowry, black money and law
260
_c
1987
300
_a
28-30
362
_a
16 June
650
_a
Dowry - India
773
_a
Yojana
909
_a
7390
999
_c
7390
_d
7390